Nghề nuôi cá hô = Catlocarpio siamensis
Nội dung sách giới thiệu về đặc điểm sinh học của cá hô, kỹ thuật sản xuất giống cá hô, kỹ thuật nuôi cá hô thịt và kỹ thuật vận chuyển cá hô sống đi xa.
Saved in:
| Main Author: | |
|---|---|
| Format: | Book |
| Language: | Undetermined |
| Published: |
Hà Nội
Nông nghiệp
2012
|
| Subjects: | |
| Tags: |
Add Tag
No Tags, Be the first to tag this record!
|
| Institutions: | Trung tâm Học liệu Trường Đại học Cần Thơ |
|---|
| LEADER | 00917nam a2200217Ia 4500 | ||
|---|---|---|---|
| 001 | CTU_214991 | ||
| 008 | 210402s9999 xx 000 0 und d | ||
| 020 | |c 37400 | ||
| 082 | |a 639.31 | ||
| 082 | |b V312/Q.42 | ||
| 100 | |a Thi, Thanh Vinh | ||
| 245 | 0 | |a Nghề nuôi cá hô = | |
| 245 | 0 | |b Catlocarpio siamensis | |
| 245 | 0 | |c Thi Thanh Vinh, Huỳnh Hữu Ngãi, Phạm Văn Khánh | |
| 260 | |a Hà Nội | ||
| 260 | |b Nông nghiệp | ||
| 260 | |c 2012 | ||
| 520 | |a Nội dung sách giới thiệu về đặc điểm sinh học của cá hô, kỹ thuật sản xuất giống cá hô, kỹ thuật nuôi cá hô thịt và kỹ thuật vận chuyển cá hô sống đi xa. | ||
| 650 | |a Freshwater fishes,Cá nước ngọt,Aquaculture,Nuôi trồng thuỷ sản | ||
| 904 | |i Qhieu | ||
| 980 | |a Trung tâm Học liệu Trường Đại học Cần Thơ | ||